Network anlysis and synthesis (Record no. 176463)

000 -LEADER
fixed length control field 01200 a2200169 4500
003 - CONTROL NUMBER IDENTIFIER
control field Nust
005 - DATE AND TIME OF LATEST TRANSACTION
control field 20170207152526.0
040 ## - CATALOGING SOURCE
Transcribing agency Nust
082 ## - DEWEY DECIMAL CLASSIFICATION NUMBER
Classification number 004.65
100 ## - MAIN ENTRY--PERSONAL NAME
Personal name Sinha, Umesh
245 ## - TITLE STATEMENT
Title Network anlysis and synthesis
Statement of responsibility, etc. Umesh Sinha
260 ## - PUBLICATION, DISTRIBUTION, ETC.
Place of publication, distribution, etc. New Delhi
Name of publisher, distributor, etc. Satya Parkashan
Date of publication, distribution, etc. 1994
300 ## - PHYSICAL DESCRIPTION
Extent x,1000p
505 ## - FORMATTED CONTENTS NOTE
Formatted contents note Introduction (Page 1-19), Basic Circuits Elements (Page 20-43), Mesh and Node Analysis (Page 44-88), Network Topology (Page 89-165), Differential Equations (Page 166-229), Laplace Transformation (Page 230-290), Singularity Functions (Page 291-352), Fourier Series (Page 353-420), Network Theorems (Page 421-456), Impedance Functions (Page 457-525), Network Functions (Page 526-283), Frequency Response Plots (Page 584-628), Resonance (Page 629-674), Analogous System (Page 675-711), Two-Part Networks (Page 712-761), Input Power, Power Transfer and Insertion Loss (Page 762-789), Elements of Relizability (Page 790-837), Driving Point Synthesis (Page 838-882), Two Port Synthesis (Page 883-917), Approximation (Page 918-956), Synthesis if lattice and Constant Resistance Networks (Page 957-976).
538 ## - SYSTEM DETAILS NOTE
System details note Almirah No.4 Shelf No.1
650 ## - SUBJECT ADDED ENTRY--TOPICAL TERM
Topical term or geographic name entry element NetWork
942 ## - ADDED ENTRY ELEMENTS (KOHA)
Source of classification or shelving scheme
Koha item type Book
Holdings
Withdrawn status Lost status Source of classification or shelving scheme Damaged status Not for loan Collection code Permanent Location Current Location Date acquired Total Checkouts Full call number Barcode Date last seen Price effective from Koha item type
            Military College of Signals (MCS) Military College of Signals (MCS) 12/12/2016   004.65 SIN MCS867 12/08/2016 12/12/2016 Book
© 2023 Central Library, National University of Sciences and Technology. All Rights Reserved.